Il ritorno di Cornelio Gallo : il papiro di Qasr Ibrîm venticinque anni dopo /

محفوظ في:

المؤلف الرئيسي: Capasso, Mario (مؤلف)

مؤلفون آخرون: Radiciotti, Paolo.

التنسيق: كتاب

اللغة: Italian

منشور في: Napoli : Graus, 2003.

سلاسل: Album del Centro di studi papirologici dell'Università degli studi di Lecce ; 5.

الموضوعات:

الوسوم: إضافة وسم

لا توجد وسوم, كن أول من يضع وسما على هذه التسجيلة!

رقم الطلب: PA6389 .G3 C37 2003

LEADER 01138nam a22002897a 4500
003 OSt
005 20251006121352.0
008 251006t2003 it ab g b 000 0 ita d
020 |a 8883460456 
040 |c ARCE Library 
050 1 4 |a PA6389 .G3   |b C37 2003 
100 1 |a Capasso, Mario,  |e author  |9 27702 
245 1 3 |a Il ritorno di Cornelio Gallo :   |b il papiro di Qasr Ibrîm venticinque anni dopo /   |c Mario Capasso ; con un contributo di Paolo Radiciotti. 
264 1 |a Napoli :   |b Graus,   |c 2003. 
300 |a 164 pages :   |b col. ill. ;   |c 30 cm. 
490 1 |a Album del Centro di studi papirologici dell'Università degli studi di Lecce ;   |v 5. 
500 |a Gaius Cornelius Gallus (69-26 B.C.). 
504 |a Includes bibliographical references. 
555 |a Hadeer 
600 0 0 |a Gallus, Gaius Cornelius,  |d 69 B.C.?-26 B.C.  |v Manuscripts.  |9 30442 
650 0 |a Elegiac poetry, Latin  |v Manuscripts. 
650 0 |a Manuscripts, Latin (Papyri) 
700 1 |a Radiciotti, Paolo.  |9 38081 
830 0 |a Album del Centro di studi papirologici dell'Università degli studi di Lecce ;   |v 5. 
901 |a reviewed 
942 |c BK  |2 lcc 
999 |c 24400  |d 24400